000 01233nas a2200397 4500
001 BR2011001019
003 BR-BrBNA
005 20231205114442.0
007 ta
008 230509b bl.|||p| |||| 00| 00por d
040 _aBR-BrBNA
_bpor
_cBiblioteca Nacional de Agricultura
041 _a(Pt)
072 _aL73
100 1 _aHashimoto, V.Y.
100 1 _aAnzai, E.K.
100 1 _aLima, B.A. de C.
100 1 _aSilva, F.G. da
100 1 _aAlves, L.A.
100 1 _aFreire, R.L.
100 1 _aTeles, P.S.
100 1 _aGarcia, J.L.
100 1 _aMuller, E.E.
100 1 _aFreitas, J.C. de
245 1 _aAssociação entre as lesões renais microscópicas e a presença de anticorpos contra Leptospira spp em suínos aparentemente sadios, abatidos em frigorífico da região norte do estado do Paraná
650 _aSUÍNO
650 _aLESÃO RENAL
650 _aLEPTOSPIROSE
650 _aANTICORPO
650 _aHISTOPATOLOGIA
650 _aFRIGORÍFICO
650 _aMICROSCOPIA
650 _aPARANÁ
773 0 _tSemina. Ciências Agrárias (Brazil)
_xISSN 1676-546X
_g(Oct-Dec 2008), v. 29(4) p. 875-880
_wBR2011001019
909 _a202311
_bLúcia
_c55
_dLúcia Elande
942 _2AGRIS
_n0
_cANA
999 _c208834
_d208834